Indiana Pacers 2024-2025 Roster - Statistics

General Stats
  • This quiz has been taken 110 times
    76 since last reset
  • The average score is 11 of 17
Answer Stats
Jersey # Answer % Correct
0 Tyrese Haliburton
98%
33 Myles Turner
91%
43 Pascal Siakam
91%
2 Andrew Nembhard
89%
00 Bennedict Mathurin
89%
23 Aaron Nesmith
84%
9 T.J. McConnell
82%
1 Obi Toppin
78%
3 Thomas Bryant
60%
26 Ben Sheppard
58%
22 Isaiah Jackson
58%
5 Jarace Walker
58%
12 Johnny Furphy
58%
29 Quenton Jackson
58%
16 James Johnson
49%
8 Enrique Freeman
29%
10 RayJ Dennis
11%
No matching quizzes found
Score Distribution
Percent of People with Each Score
Percentile by Number Answered
Your Score History
You have not taken this quiz since the last reset